000 01019nam a2200241 a 4500
001 57352
003 BD-RjUL
005 20211209080511.0
008 161208s1965 bg ||||| |||| 00| 0 ben d
020 _c: TK 5.00
035 _a(BD-RjUL)57476
040 _aBD-RjUL
_bben
_cBD-RjUL
041 _aben
082 _223
_a297.61
_bMOH 1965
100 _aমোমতাজী, মুহাম্মদ সেকান্দার
_9170347
245 1 0 _aহায়াতে আশরাফে /
_cমুহাম্মদ সেকান্দার মোমতাজী; মুঃ আবদুল হক জালালাবাদী
260 _aসিলেট :
_bয়াশরাফিয়া কুতুবখানা,
_c১৯৬৫
300 _a২০৮ পৃ. ;
_c২১ সেমি.
650 _aইসলামী নেতা
_9170329
650 _aIslamic leader
_9170330
700 _a জালালাবাদী, মুঃ আবদুল হক
_9170348
942 _2ddc
_cBK
999 _c57352
_d57352